000 01859nam0a2200433 4500
001 RU\NLR\bibl\1848661
005 20260406082359.0
010 _a978-5-7797-1645-1
_95000
021 _aRU
_b2011-95780
_96870
035 _a(NLR Aleph) 001839071
090 _a2246732
_c2246732
100 _a20111215d2011 |||y0rusy50 ca
101 0 _arus
102 _aRU
105 _aa |||||||||
200 1 _aСтроки о любви
_eстихи русских поэтесс, первая половина XX века
_e[сборник
_fсост.: М.А. Нянковский
_gхудож. Г.В. Соколов]
210 _aЯрославль
_cАкадемия развития
_d2011
215 _a191 с.
_cил.
_d9
327 0 _aСодерж.: авт.: А.А. Ахматова, Л.Н. Вилькина, Е.Н. Волчанецкая, Е.А. Галати, Г.А. Галина, В.И. Гедройц, А.К. Герцык, З.Н. Гиппиус, Т.П. Ефименко, М.Г. Ливен [и др.]
606 1 _aЛюбовь
_xв художественной литературе
_91555458
_3RU\NLR\auth\66679756
686 _aШ6(2=Р)7-5
686 _aШ6(2=Р)7-94
686 _aШ6(2=Р)53-5
686 _aШ6(2=Р)53-94
686 _aШ6(2=Р)7-97
686 _aШ6(2=Р)53-97
702 1 _4220
_8rus
_7ca
_aНянковский
_bМ. А.
_f1962-
_gМихаил Александрович
_3RU\NLR\auth\771211
_9111240
702 1 _4440
_8rus
_7ca
_aСоколов
_bГ. В.
_cхудожник
_f1949-2017
_gГеннадий Валентинович
_3RU\NLR\AUTH\7747523
_930458
801 0 _aRU
_bNLR
_c20111215
_gRCR
801 1 _aRU
_bNLR
_c20111215
942 _cBOOK
980 _aNB
980 _aNBR